Wszystkie smaki Dzika - Statystyki

Ogólne statystyki
  • Ten quiz został rozwiązany 22 razy
  • Średni wynik to 10 z 14
Statystyki odpowiedzi
DZIK SMAK % Poprawnych
3 Cherry/Wiśnia
88%
6 Classic/Klasyczny
82%
7 Grape/Winogrono
82%
12 Lemon/Cytryna
82%
4 Orange/Pomarańcza
82%
10 Peach/Brzoskwinia
82%
9 Pineapple/Ananas
82%
5 Mojito
76%
11 Tropic
76%
14 Watermelon/Arbuz
76%
8 Sour Apple/Kwaśne Jabłko
71%
13 Sour Raspberry/Kwaśna Malina
65%
2 Cactus/Kaktus
59%
1 Sour Forest Fruits/Kwaśne Owoce Leśne
35%
Nie znaleziono quizów pasujących do podanych kryteriów
Rozkład punktacji
Procent ludzi z każdym wynikiem
Percentyl według liczby udzielonych odpowiedzi
Twoja historia wyników
Nie rozwiązałeś tego quizu